English for travel

Đã lưu trong:
書目詳細資料
主要作者: Eastwood, John
格式: 圖書
語言:English
出版: New York Oxford University Press 1989
[Tp. Hồ Chí Minh] Công ty xuất bản đối ngoại Vinedimex
主題:
標簽: 添加標簽
沒有標簽, 成為第一個標記此記錄!
Thư viện lưu trữ: Trung tâm Học liệu Lê Vũ Hùng, Trường Đại học Đồng Tháp
LEADER 00838pam a22002538a 4500
001 00024415
005 20171026081022.0
008 110718s1989 ||||||engsd
020 # # |a 019451305X 
041 0 # |a eng 
082 1 4 |a 338.4  |b E200N 
100 1 # |a Eastwood, John 
245 1 0 |a English for travel  |c John Eastwood 
260 # # |a New York  |b Oxford University Press 
260 # # |a [Tp. Hồ Chí Minh]  |b Công ty xuất bản đối ngoại Vinedimex  |c 1989 
300 # # |a 119 p.  |b ill.  |c 21 cm. 
650 # 4 |a Du lịch 
650 # 4 |a Tiếng anh 
852 # # |b Kho giáo trình  |j KGT.0027790 
852 # # |b Kho mượn  |j KGT.0027790 
852 # # |j KD.0008726  |b Kho đọc 
852 # # |j KD.0008726  |j KGT.0027790 
910 0 # |a Ntuyet  |d 18/07/2011 
980 # # |a Trung tâm Học liệu Lê Vũ Hùng, Trường Đại học Đồng Tháp